Vikasit Bharat @2047: (Record no. 210822)

MARC details
000 -LEADER
fixed length control field 00714nam a22002057a 4500
005 - DATE AND TIME OF LATEST TRANSACTION
control field 20250404144916.0
010 ## - LCCN (DPL NO)
LC control number ENG-144421
020 ## - INTERNATIONAL STANDARD BOOK NUMBER
International Standard Book Number 9788197609138
Terms of availability 600.00
035 ## - SYSTEM CONTROL NUMBER
System control number EN-127953
037 ## - SOURCE OF ACQUISITION
Source of stock number/acquisition DBAD
082 ## - DEWEY DECIMAL CLASSIFICATION NUMBER
Classification number 954
Edition number 1
245 ## - TITLE STATEMENT
Title Vikasit Bharat @2047:
Remainder of title Ways Towards Self-Reliance/
Statement of responsibility, etc S. Lingamurthy; Shivkumar M Belli [and] Basavaraj M.S.
260 ## - PUBLICATION, DISTRIBUTION, ETC. (IMPRINT)
Name of publisher, distributor, etc Samvit Prakashan and Media PVT. LTD
Date of publication, distribution, etc 2021
Place of publication, distribution, etc Delhi
270 ## - ADDRESS
Address 1585,1654, Madarsa road, Kashmere gate
City Delhi
Postal code 110006
300 ## - PHYSICAL DESCRIPTION
Extent 436p.;
Dimensions 21cm(pb)
700 ## - ADDED ENTRY--PERSONAL NAME
Personal name Lingamurthy, S.
Relator term Editor
9 (RLIN) 80326
700 ## - ADDED ENTRY--PERSONAL NAME
Personal name Belli, Shivkumar M
Relator term Editor
9 (RLIN) 80327
700 ## - ADDED ENTRY--PERSONAL NAME
Personal name Basavaraj M.S.
Relator term Editor
9 (RLIN) 80328
942 ## - ADDED ENTRY ELEMENTS (KOHA)
Source of classification or shelving scheme Dewey Decimal Classification
Item type English Books
Call number suffix VIK
Classification part 954
Holdings
Withdrawn status Lost status Not for loan Collection code Home library Current library Date acquired Source of acquisition Cost, normal purchase price Full call number Barcode Copy number Cost, replacement price Koha item type
    Not For Loan Non-fiction D.B.Act.Division D.B.Act.Division 04/04/2025 Delivery of Books Act Division 600.00 VIK 954 EN-127953 1 600.00 English Books

© Delhi Public Library
Hit Counter
free hit counter